000 02296cam a22001934a 4500
005 20250605164032.0
008 250528s ||||||||||||||||||||||||d
035 _a16687
020 _a960904297
040 _aGR-AtMCL
_bgre
_dGR-AtMCL
_eAACR2
245 1 _aΦορολογική Λογιστική ΙΙ / Εκπαιδευτικό Βοήθημα: Συνοπτική Ερμηνεία της Φορολογίας Εισοδήματος & Κ.Ν. 2238/1994
260 _bΑθήνα,
_c2003
300 _a496
520 _aΕνημερωμένος μέχρι και τον τελευταίο φορολογικό νόμο: 3091/2002 (ΦΕΚ 330 τ.Α' 24.12.2002) Γενικά, Έννοια του Φόρου, Συνοπτική Ερμηνεία Γενικών Διατάξεων Φορολογίας Εισοδήματος Φυσικών Προσώπων, Κώδικας Φορολογίας Εισοδήματος, Φορολογία Εισοδήματος Φυσικών Προσώπων, Γενικές Διατάξεις, Επιβολή Φόρου, Αυτοτελής Φορολόγηση Ειδικών Περιστάσεων, Προσδιορισμός Φορολογητέας Ύλης με βάση τις Δαπάνες, Κατηγορίες Εισοδήματος, Εισόδημα από Ακίνητα, Εισόδημα από Κινητές Αξίες, Εισόδημα από Εμπορικές Επιχειρήσεις, Εισόδημα από Γεωργικές Επιχειρήσεις, Εισόδημα από Μισθωτές Υπηρεσίες, Εισόδημα από Υπηρεσίες Ελεύθερων Επαγγελμάτων και από κάθε άλλη Πηγή, Προκαταβολή και Παρακράτηση και Απόδοση Φόρου, Προκαταβολή Φόρου, Παρακράτηση Φόρου, Απόδοση Φόρου, Διαδικασία Βεβαίωσης του Φόρου, Υποχρεώσεις - Παραγραφή - Απόρρητο, Διοικητικές και Ποινικές Κυρώσεις, Φορολογία Εισοδήματος Νομικών Προσώπων, Μεταβατικές Διατάξεις.
700 1 _aΚαούνης Δικαίος
_92775
942 _cBK
999 _c2162
_d2162